000
00286nam a2200121Ia 4500
008
220120s9999||||xx |||||||||||||| ||und||
082
_a
823 ELT
100
_a
Elton, Ben
_9
11944
245
0
_a
Chart throb
260
_a
Black Swan
_b
New Delhi
_c
2007
300
_b
0
650
_a
MATHEMATICS
999
_c
137485
_d
137485